City to Country Quiz #1 - Statistics

General Stats
  • This quiz has been taken 163 times
  • The average score is 14 of 15
Answer Stats
Hint Answer % Correct
Shanghai China
100%
Cairo Egypt
100%
Madrid Spain
100%
London United Kingdom
100%
San Francisco United States
100%
Vancouver Canada
99%
Hong Kong China
99%
Frankfurt Germany
99%
Houston United States
99%
Cape Town South Africa
98%
Saõ Paulo Brazil
96%
St Petersburg Russia
96%
Tel Aviv Israel
89%
Karachi Pakistan
77%
Tashkent Uzbekistan
66%
No matching quizzes found
Score Distribution
Percent of People with Each Score
Percentile by Number Answered
Your Score History
You have not taken this quiz